000 00303nam a2200133Ia 4500
008 230523s9999 xx 000 0 und d
100 _aDaroczi, Gergely
245 0 _aIntroduction to R for Quantitative Finance
260 _aMumbai
260 _bPackt
260 _c2013
300 _a148
942 _cRB
999 _c2110
_d2110